000 00643nam a2200205Ia 4500
003 St Aloysius Coll
005 20250703105623.0
008 210423s2005 xx 000 0 und d
040 _cAL
041 _aEnglish
082 _a011.72
_223
_b HARD
100 _aChris Hart
_9217000
245 _aDoing your masters dissertation: realizing your potential as a social scientist
260 _aNew Delhi
_bVistaar Publication
_c2005
365 _cINR
650 _aBibliography
_9217001
650 _aGeneral
_9217002
906 _adissertation: ; Doing ; masters ; political ; realiting ; scientist. ; social ; your
942 _2ddc
_cBK
999 _c174206
_d174206